Die teuersten Fußballtransfers - Linke Mittelfeldspieler - Statistiken

Allgemein
  • Dieses Quiz wurde 51 mal gespielt
  • Das Durchschnittsergebnis liegt bei 4 aus 10
Antwortstatistiken
Ablöse (M €) Saison Nationalität Abgebender Verein Aufnehmender Verein Spieler % Korrekt
27,40 2022-2023 Deutschland Atalanta Bergamo Inter Mailand Robin Gosens
100%
45,00 2001-2002 Tschechische Republik Lazio Roma Juventus Turin Pavel Nedved
90%
19,00 2015-2016 Kroatien VfL Wolfsburg Inter Mailand Ivan Perisic
65%
22,40 2019-2020 Österreich Hertha BSC Inter Mailand Valentino Lazaro
58%
27,00 2019-2020 England FC Fulham Tottenham Ryan Sessegnon
33%
18,00 2012-2013 Ghana Udinese Calcio Juventus Turin Kwadwo Asamoah
31%
21,00 2009-2010 Russland ZSKA Moskau FC Chelsea Yuriy Zhirkov
19%
18,00 2009-2010 Brasilien LOSC LIlle Olympique Lyon Michel Bastos
6%
17,00 2023-2024 Belgien KAA Gent Olympqiue Lyon Malick Fofana
2%
22,80 2011-2012 England Aston Villa FC Liverpool Stewart Downing
2%
Keine übereinstimmenden Quizze gefunden
Verteilung der Resultate
Anzahl Personen mit jedem Resultat
Perzentil nach korrekt beantworteten Fragen
Ihre Resultats-Entwicklung
Sie haben dieses Quiz noch nicht gespielt